000 00462nam a2200181Ia 4500
008 230711s9999||||xx |||||||||||||| ||und||
020 _a978-93-329-0127-8
041 _aENG
082 _a005.13c
_bVE-M
100 _aVenugopal, K R
245 0 _aMastering C
250 _a2nd Ed.
260 _c2015
_aNew Delhi
_bMcGraw Hill Education(India) Private Limited
300 _a702p.
650 _aComputer Engineering
700 _aPrasad, Sudeep R
942 _cBK
999 _c6405
_d6405